000 02726nam0a2200505 i 4500
001 RU\NLR\BIBL_A\010358350
005 20260408084526.0
010 _a9785993502991
_9150
021 _aRU
_b2014-18642
_91165
021 _aRU
_b2014-18642
_91553
035 _a(NILC)RuMoRGB-006760716
035 _a(NLR Aleph) 010358350
090 _a10770455
_c10770455
100 _a20140519d2013 k y0rusy50 ca
101 0 _arus
_aeng
_ager
102 _aRU
105 _ay|||7|||001yy
200 1 _aЭмотивная лингвоэкология в современном коммуникативном пространстве
_eколлективная монография
_f[Н.Н. Панченко, А.А. Штеба, В.И. Шаховский и др.
_gотв. ред.: проф. Н.Н. Панченко]
_gМ-во образования и науки Рос. Федерации, ФГБОУ ВПО "Волгогр. гос. соц.-пед. ун-т"
210 _aВолгоград
_cИзд-во ВГСПУ "Перемена"
_d2013
215 _a449 с.
_d20
300 _aНа с. 448-449 авт.: Панченко Н.Н., д.филол.н., проф., Штеба А.А., к.филол.н., преп., Шаховский В.И., д.филол.н., проф., засл. деят. науки РФ
300 _aАвт. указаны в содерж.
300 _aЧасть текста на англ. и нем. яз.
320 _aБиблиогр.: с. 419-446 (385 назв.), в конце разд. и в подстроч. примеч.
606 _aКатегория эмотивности
_91292602
_3RU\NLR\AUTH\66534439
606 _aЭколингвистика
_92080839
_3RU\NLR\AUTH\661256791
606 _aКоммуникативная лингвистика
_91366505
_3RU\NLR\AUTH\66572162
606 _aПрагмалингвистика
_91523676
_3RU\NLR\AUTH\66662717
610 0 _aлингвоэкология эмотивная
675 _a80/81
686 1 _aШ100.861
686 1 _aШ100.0
686 1 _aШ102
686 1 _aШ103.2
701 1 _aПанченко
_bН. Н.
_gНадежда Николаевна
701 1 _aШтеба
_bА.А.
_gАлексей Андреевич
701 1 _aШаховский
_bВ.И.
_gВиктор Иванович
712 0 2 _4570
_aВолгоградский государственный социально-педагогический университет
_9285358
_3RU\NLR\AUTH\8810198268
801 0 _aRU
_bRuMoRKP
_c20140313
_gRCR
801 2 _aRU
_bРГБ
_c20140402
_grcr
942 _cBOOK
980 _aNBR